[Event "Johor op 4th"]
[Site "Johor"]
[Date "2017.12.15"]
[Round "8"]
[White "Menkinoski, Riste"]
[Black "Winkelman, Albert"]
[Result "1-0"]
[WhiteElo "2321"]
[BlackElo "1991"]
[PlyCount "55"]
[EventDate "2017.12.11"]
[EventType "swiss"]
[EventRounds "9"]
[EventCountry "MAS"]
[SourceTitle "EXT 2019"]
[Source "ChessBase"]
[SourceDate "2018.10.10"]
[SourceVersion "1"]
[SourceVersionDate "2018.10.10"]
[SourceQuality "1"]

1. e4 e5 2. Nf3 Nc6 3. Nc3 Nf6 4. a3 d5 5. Bb5 d4 6. Ne2 Bd6 7. d3 0-0 8. c3 dxc3 9. bxc3 Ne7 10. 0-0 Ng6 11. h3 a6 12. Bc4 b5 13. Bb3 c5 14. Ng3 b4 15. cxb4 cxb4 16. axb4 Rb8 17. Bb2 Re8 18. Bc4 Rb6 19. Ng5 Rf8 20. Nh5 Bxb4 21. Ng3 Bc5 22. Bc3 Bd4 23. Ba5 Bxa1 24. Qxa1 Qd6 25. Nf5 Qb8 26. Bxb6 Qxb6 27. Rb1 Qc7 28. Rc1 1-0

[Event "THA-chT"]
[Site "Bangkok"]
[Date "2015.12.05"]
[Round "3.2"]
[White "Menkinoski, Riste"]
[Black "Pornariyasombat, Atippat"]
[Result "1-0"]
[WhiteElo "2316"]
[BlackElo "2084"]
[PlyCount "55"]
[EventDate "2015.12.04"]
[EventType "team-swiss"]
[EventRounds "9"]
[EventCountry "THA"]
[SourceTitle "EXT 2017"]
[Source "ChessBase"]
[SourceDate "2016.10.25"]
[SourceVersion "1"]
[SourceVersionDate "2016.10.25"]
[SourceQuality "1"]
[WhiteTeam "IWICA"]
[BlackTeam "East Bangapi"]
[WhiteTeamCountry "THA"]
[BlackTeamCountry "THA"]

1. e4 c5 2. c3 Nf6 3. e5 Nd5 4. d4 cxd4 5. Nf3 Nc6 6. cxd4 d6 7. Bc4 e6 8. 0-0 Be7 9. Qe2 0-0 10. Nc3 Nxc3 11. bxc3 b6 12. Bd3 Bb7 13. Qc2 g6 14. Bh6 Re8 15. Rfe1 Rc8 16. Qd1 dxe5 17. dxe5 Qc7 18. Rc1 Red8 19. h4 Na5 20. h5 Nc4 21. Nd4 Qc5 22. hxg6 hxg6 23. Nxe6 Qc6 24. Nf4 Rxd3 25. Qxd3 g5 26. e6 gxf4 27. exf7+ Kh8 28. Qh3 1-0

[Event "THA-chT"]
[Site "Bangkok"]
[Date "2015.12.04"]
[Round "1.2"]
[White "Menkinoski, Riste"]
[Black "Lama, Surbir"]
[Result "1-0"]
[WhiteElo "2316"]
[BlackElo "2050"]
[PlyCount "53"]
[EventDate "2015.12.04"]
[EventType "team-swiss"]
[EventRounds "9"]
[EventCountry "THA"]
[SourceTitle "EXT 2017"]
[Source "ChessBase"]
[SourceDate "2016.10.25"]
[SourceVersion "1"]
[SourceVersionDate "2016.10.25"]
[SourceQuality "1"]
[WhiteTeam "IWICA"]
[BlackTeam "IWICA II"]
[WhiteTeamCountry "THA"]
[BlackTeamCountry "THA"]

1. e4 e5 2. Bc4 Nf6 3. Nc3 Be7 4. Nf3 d6 5. d4 Nbd7 6. 0-0 0-0 7. Re1 c6 8. a4 Qc7 9. h3 h6 10. Ba2 Re8 11. Nh4 Nf8 12. Qd3 exd4 13. Qxd4 Be6 14. Be3 N6d7 15. Nf5 Bxf5 16. exf5 d5 17. Bf4 Qa5 18. Bd2 Qb4 19. Qd3 Qh4 20. Nxd5 cxd5 21. Qxd5 Qf6 22. Bc3 Nb6 23. Qxb7 Qxf5 24. Rxe7 Rxe7 25. Qxe7 Qg6 26. a5 Nbd7 27. Rd1 1-0

[Event "Penang op 6th"]
[Site "Penang"]
[Date "2014.12.12"]
[Round "9"]
[White "Anurag, Mhamal"]
[Black "Menkinoski, Riste"]
[Result "1/2-1/2"]
[WhiteElo "2437"]
[BlackElo "2360"]
[PlyCount "55"]
[EventDate "2014.12.08"]
[EventType "swiss"]
[EventRounds "9"]
[EventCountry "MAS"]
[SourceTitle "CBM 163 Extra"]
[Source "ChessBase"]
[SourceDate "2014.12.23"]
[SourceVersion "1"]
[SourceVersionDate "2014.12.23"]
[SourceQuality "1"]

1. d4 Nf6 2. Bg5 e6 3. e4 h6 4. Bxf6 Qxf6 5. Nf3 d6 6. Nc3 Nd7 7. Qd2 c6 8. 0-0-0 Be7 9. Be2 e5 10. h4 Nb6 11. Qe3 Bg4 12. Ne1 exd4 13. Rxd4 Bxe2 14. Nxe2 Qe6 15. Qb3 Qxb3 16. axb3 0-0-0 17. Rd1 Rhe8 18. Nd3 h5 19. Nef4 g6 20. g3 Bf6 21. Rhe1 Nd7 22. Re2 Ne5 23. Nxe5 dxe5 24. Ng2 Rxd1+ 25. Kxd1 Rd8+ 26. Rd2 Rxd2+ 27. Kxd2 Kd7 28. Kd3 1/2-1/2

[Event "Penang op 6th"]
[Site "Penang"]
[Date "2014.12.09"]
[Round "2"]
[White "Alahakoon, Isuru"]
[Black "Menkinoski, Riste"]
[Result "0-1"]
[WhiteElo "2143"]
[BlackElo "2360"]
[PlyCount "76"]
[EventDate "2014.12.08"]
[EventType "swiss"]
[EventRounds "9"]
[EventCountry "MAS"]
[SourceTitle "CBM 163 Extra"]
[Source "ChessBase"]
[SourceDate "2014.12.23"]
[SourceVersion "1"]
[SourceVersionDate "2014.12.23"]
[SourceQuality "1"]

1. e4 e5 2. Nf3 d6 3. Bc4 Nf6 4. Ng5 d5 5. exd5 h6 6. Nf3 e4 7. Qe2 Bb4 8. 0-0 0-0 9. Ne1 Bg4 10. Qe3 Nbd7 11. Nc3 Bc5 12. d4 exd3 13. Qd2 dxc2 14. Qxc2 Nb6 15. Bb3 Qd7 16. Nd3 Bd6 17. a4 a6 18. a5 Nc8 19. Re1 Bf5 20. Qd1 Bh7 21. Qf3 Qf5 22. Qxf5 Bxf5 23. Bc4 b5 24. axb6 Nxb6 25. Ne5 Rfe8 26. Bd3 Bxe5 27. Rxe5 Bxd3 28. Rxe8+ Rxe8 29. Be3 Nfxd5 30. Nxd5 Nxd5 31. Bd4 Re4 32. Bc5 Rc4 33. Ba3 Rc2 34. Rd1 c6 35. h4 Be4 36. Rd4 Bf5 37. Ra4 Nf6 38. f3 Bd3 0-1

[Event "Penang op 6th"]
[Site "Penang"]
[Date "2014.12.08"]
[Round "1"]
[White "Menkinoski, Riste"]
[Black "Wong, Yinn Long"]
[Result "1-0"]
[WhiteElo "2360"]
[BlackElo "1924"]
[PlyCount "103"]
[EventDate "2014.12.08"]
[EventType "swiss"]
[EventRounds "9"]
[EventCountry "MAS"]
[SourceTitle "CBM 163 Extra"]
[Source "ChessBase"]
[SourceDate "2014.12.23"]
[SourceVersion "1"]
[SourceVersionDate "2014.12.23"]
[SourceQuality "1"]

1. d4 Nf6 2. c4 g6 3. Nc3 Bg7 4. e4 d6 5. Nf3 0-0 6. h3 e5 7. d5 Na6 8. Bg5 c6 9. Be2 Nc5 10. b4 Na6 11. Rb1 h6 12. Be3 cxd5 13. cxd5 Nc7 14. 0-0 Bd7 15. Nd2 Nfe8 16. Nc4 f5 17. f3 f4 18. Bf2 h5 19. b5 b6 20. a4 Bf6 21. a5 Bh4 22. Qe1 Bxf2+ 23. Qxf2 bxa5 24. Nxa5 Qg5 25. Kh1 Qe7 26. Nc6 Bxc6 27. bxc6 g5 28. Rb7 a6 29. Ra1 Qf6 30. Na4 Rf7 31. Nb6 Rd8 32. Nd7 Qg6 33. Qb6 g4 34. fxg4 Qxe4 35. Bf3 Qe3 36. Qxe3 fxe3 37. g5 Rf4 38. Bxh5 Nxd5 39. Bg4 Nec7 40. Nf6+ Nxf6 41. gxf6 Rxg4 42. hxg4 Rc8 43. g5 Kf7 44. Re1 Kg6 45. Rxe3 Ne6 46. Rg3 Rxc6 47. Re7 d5 48. f7 Kg7 49. g6 Nf8 50. Re8 Rc1+ 51. Kh2 Nd7 52. Rg8+ 1-0

[Event "Penang op-A 5th"]
[Site "Penang"]
[Date "2013.12.13"]
[Round "8"]
[White "Fominyh, Alexander"]
[Black "Menkinoski, Riste"]
[Result "1/2-1/2"]
[WhiteElo "2444"]
[BlackElo "2359"]
[PlyCount "84"]
[EventDate "2013.12.09"]
[EventType "swiss"]
[EventRounds "9"]
[EventCountry "MAS"]
[SourceTitle "CBM 157 Extra"]
[Source "ChessBase"]
[SourceDate "2013.12.19"]
[SourceVersion "1"]
[SourceVersionDate "2013.12.19"]
[SourceQuality "1"]

1. d4 Nf6 2. Nf3 e6 3. c4 Nc6 4. a3 d5 5. Nc3 Be7 6. Bg5 0-0 7. e3 a6 8. Qc2 h6 9. Bh4 Rb8 10. cxd5 exd5 11. Bd3 Be6 12. 0-0 Nh5 13. Bxe7 Nxe7 14. Ne5 Qd6 15. b4 Nf6 16. Na4 Ng4 17. Nf3 Bd7 18. Rac1 Ng6 19. h3 Nf6 20. Nb2 Ne4 21. Qc5 c6 22. Qxd6 Nxd6 23. Bxg6 fxg6 24. Ne5 Be6 25. Nf3 Rf6 26. Ne5 Rc8 27. a4 Rc7 28. h4 Re7 29. g3 Rf5 30. Kg2 Kh7 31. Rh1 Rf6 32. g4 Rf8 33. Rh3 h5 34. Rf3 Rf6 35. a5 hxg4 36. Nxg4 Rf5 37. Ne5 Rh5 38. Rh1 Nf5 39. Rf4 Nd6 40. Rf3 Rf5 41. Rg3 Rf6 42. Ng4 Rf5 1/2-1/2

[Event "Penang op-A 5th"]
[Site "Penang"]
[Date "2013.12.13"]
[Round "9"]
[White "Menkinoski, Riste"]
[Black "Bagamasbad, Efren"]
[Result "1-0"]
[WhiteElo "2359"]
[BlackElo "2180"]
[PlyCount "153"]
[EventDate "2013.12.09"]
[EventType "swiss"]
[EventRounds "9"]
[EventCountry "MAS"]
[SourceTitle "CBM 157 Extra"]
[Source "ChessBase"]
[SourceDate "2013.12.19"]
[SourceVersion "1"]
[SourceVersionDate "2013.12.19"]
[SourceQuality "1"]

1. e4 e6 2. d4 d5 3. Nd2 dxe4 4. Nxe4 Bd7 5. Nf3 Bc6 6. Bd3 Nd7 7. Qe2 Ngf6 8. Ned2 Bxf3 9. Nxf3 Be7 10. 0-0 c6 11. Re1 h6 12. c4 0-0 13. Bd2 Qb6 14. b4 Rfe8 15. a4 a6 16. Bc3 Qc7 17. a5 Nf8 18. Rab1 N6d7 19. Nd2 Nf6 20. Qf3 Red8 21. Nb3 N6d7 22. Nd2 Nf6 23. Re3 N6h7 24. Qe2 Bg5 25. Rf3 Bf6 26. Nb3 Re8 27. Re1 Rad8 28. Bc2 g6 29. g3 Bg7 30. Re3 h5 31. f4 Nf6 32. Qf3 N8d7 33. h3 Nf8 34. Kg2 Qc8 35. Nc5 N6h7 36. Rd1 Rd6 37. Ne4 Rd7 38. g4 hxg4 39. hxg4 f5 40. Nc5 fxg4 41. Qxg4 Nf6 42. Qh4 Rf7 43. Nd3 Nh5 44. Rf3 Qd8 45. Qg4 Nf6 46. Qh3 Nh5 47. Qh2 Bh6 48. Rdf1 Qf6 49. Kg1 Rd8 50. Ne5 Bxf4 51. Qg2 Rg7 52. d5 Qh4 53. dxc6 bxc6 54. Nxc6 Rdd7 55. b5 Rgf7 56. Be1 Be3+ 57. Rxe3 Rxf1+ 58. Kxf1 Qxc4+ 59. Kg1 axb5 60. Ne5 Qc5 61. Qf2 Rg7 62. Ng4 Qg5 63. Bd1 Rf7 64. Bf3 Rf4 65. Bd2 Nf6 66. Qg2 Nxg4 67. Rc3 b4 68. Rc4 Rxc4 69. Bxg5 Ne5 70. Be2 Rc5 71. a6 b3 72. a7 b2 73. Qe4 Rc1+ 74. Kg2 b1Q 75. Qxb1 Rxb1 76. a8Q Nf7 77. Be7 1-0

[Event "Penang op-A 5th"]
[Site "Penang"]
[Date "2013.12.12"]
[Round "7"]
[White "Menkinoski, Riste"]
[Black "Nouri, Hamed"]
[Result "1-0"]
[WhiteElo "2359"]
[BlackElo "2355"]
[PlyCount "155"]
[EventDate "2013.12.09"]
[EventType "swiss"]
[EventRounds "9"]
[EventCountry "MAS"]
[SourceTitle "CBM 157 Extra"]
[Source "ChessBase"]
[SourceDate "2013.12.19"]
[SourceVersion "1"]
[SourceVersionDate "2013.12.19"]
[SourceQuality "1"]

1. e4 c5 2. Nf3 Nc6 3. c3 Nf6 4. e5 Nd5 5. d4 cxd4 6. cxd4 d6 7. Bc4 e6 8. 0-0 Be7 9. Qe2 Nb6 10. Bb3 d5 11. Nc3 a6 12. Bf4 Bd7 13. Rad1 h6 14. Bc1 Bb4 15. Ne1 Ne7 16. Nd3 Ba5 17. Nc5 Qc7 18. Nxd7 Qxd7 19. Qf3 Rc8 20. Ne2 0-0 21. Qg4 Kh7 22. Rd3 f5 23. exf6 Rxf6 24. Qh5 Qe8 25. Qh3 Bb4 26. Nc3 Nd7 27. Re3 Qf7 28. a3 Bd6 29. Rfe1 Nf8 30. R3e2 Rc6 31. Bg5 Rg6 32. Bxe7 Bxe7 33. Bc2 Bf6 34. Qf3 Kg8 35. Bxg6 Qxg6 36. Rd1 Rc4 37. Qe3 Qg4 38. h3 Qh4 39. f4 Qh5 40. g4 Qg6 41. Rg2 Bd8 42. f5 exf5 43. gxf5 Qf7 44. Qxh6 Bf6 45. Qf4 Nd7 46. Rd3 Ne5 47. Rdg3 Rxd4 48. Rxg7+ Bxg7 49. Qxe5 Kh8 50. Qe6 Qf8 51. Rg5 Rh4 52. Kg2 Qd8 53. Qg6 Qf6 54. Qxf6 Bxf6 55. Rg4 Rh5 56. Rf4 d4 57. Ne4 Be5 58. Rf3 Kg7 59. Nc5 Rh6 60. b3 Rc6 61. Ne4 Rc2+ 62. Rf2 d3 63. Kf3 Bd4 64. Rd2 Rc7 65. Rxd3 Bb2 66. a4 b5 67. axb5 axb5 68. h4 Rc1 69. Kg4 Rg1+ 70. Kh5 b4 71. Rd7+ Kf8 72. Rb7 Rf1 73. Kg6 Rf4 74. Ng5 Bd4 75. h5 Be3 76. h6 Rf1 77. h7 Rh1 78. Rxb4 1-0

[Event "Penang op-A 5th"]
[Site "Penang"]
[Date "2013.12.10"]
[Round "3"]
[White "Menkinoski, Riste"]
[Black "Taher, Yoseph Theolifus"]
[Result "0-1"]
[WhiteElo "2359"]
[BlackElo "2242"]
[PlyCount "71"]
[EventDate "2013.12.09"]
[EventType "swiss"]
[EventRounds "9"]
[EventCountry "MAS"]
[SourceTitle "CBM 157 Extra"]
[Source "ChessBase"]
[SourceDate "2013.12.19"]
[SourceVersion "1"]
[SourceVersionDate "2013.12.19"]
[SourceQuality "1"]

1. d4 Nf6 2. Bg5 e6 3. e3 Be7 4. Bd3 c5 5. c3 Nc6 6. Nd2 d5 7. Ngf3 Bd7 8. 0-0 h6 9. Bxf6 gxf6 10. dxc5 Bxc5 11. c4 dxc4 12. Nxc4 Be7 13. Bc2 Qc7 14. Nd4 a6 15. a4 f5 16. Nd2 Rg8 17. N2b3 Bd6 18. Qh5 Ne5 19. Rfe1 0-0-0 20. Nd2 Rg5 21. Qh3 Ng6 22. g3 h5 23. Qf1 h4 24. Qc4 hxg3 25. Qxc7+ Bxc7 26. fxg3 Rh5 27. Bd1 Rh6 28. Bf3 e5 29. N4b3 Be6 30. Bg2 Bb6 31. Kh1 Rdh8 32. h3 f4 33. g4 Bxg4 34. Nc4 Bc7 35. Nc5 f6 36. Kg1 0-1

[Event "Thailand op 13th"]
[Site "Pattaya"]
[Date "2013.04.20"]
[Round "8"]
[White "Barbosa, Oliver"]
[Black "Menkinoski, Riste"]
[Result "1-0"]
[WhiteElo "2574"]
[BlackElo "2370"]
[PlyCount "71"]
[EventDate "2013.04.14"]
[EventType "swiss"]
[EventRounds "9"]
[EventCountry "THA"]
[SourceTitle "CBM 154 Extra"]
[Source "ChessBase"]
[SourceDate "2013.06.25"]
[SourceVersion "2"]
[SourceVersionDate "2013.06.25"]
[SourceQuality "1"]

1. d4 Nf6 2. c4 e6 3. Nf3 Bb4+ 4. Nbd2 0-0 5. a3 Be7 6. e4 d5 7. Qc2 dxe4 8. Nxe4 Nc6 9. Be3 Nxe4 10. Qxe4 f5 11. Qd3 Bf6 12. 0-0-0 Qe7 13. Qc2 e5 14. dxe5 Nxe5 15. Nxe5 Qxe5 16. g3 Qa5 17. c5 c6 18. Bd2 Qc7 19. Bc4+ Kh8 20. Rhe1 b5 21. Ba2 b4 22. Bxb4 f4 23. Bb1 Bf5 24. Qxf5 Bxb2+ 25. Kxb2 Rxf5 26. Bxf5 fxg3 27. hxg3 Rb8 28. Rd7 Qc8 29. Rh1 h6 30. Kc1 Qa6 31. Kd2 Re8 32. Rxh6+ gxh6 33. Bc3+ Re5 34. Bxe5+ Kg8 35. Bg6 Qa5+ 36. Bc3 1-0

[Event "FRM-ch op"]
[Site "Struga"]
[Date "2012.08.12"]
[Round "9"]
[White "Petkovski, Vlatko"]
[Black "Menkinoski, Riste"]
[Result "0-1"]
[WhiteElo "2153"]
[BlackElo "2352"]
[PlyCount "78"]
[EventDate "2012.08.04"]
[EventType "swiss"]
[EventRounds "9"]
[EventCountry "MKD"]
[SourceTitle "CBM 149 Extra"]
[Source "ChessBase"]
[SourceDate "2012.08.24"]
[SourceVersion "1"]
[SourceVersionDate "2012.08.24"]
[SourceQuality "1"]

1. e4 c6 2. d4 d5 3. Nd2 dxe4 4. Nxe4 Nd7 5. Bc4 Ngf6 6. Ng5 e6 7. Ne2 Nb6 8. Bd3 c5 9. c3 h6 10. Nf3 cxd4 11. Nexd4 a6 12. Qe2 Be7 13. Ne5 0-0 14. Bf4 Nbd5 15. Bg3 Bd6 16. 0-0 Qc7 17. Rad1 Re8 18. Rfe1 b6 19. Bb1 Bb7 20. Ng4 Bxg3 21. hxg3 Nxg4 22. Qxg4 Nf6 23. Qh4 Rad8 24. Bd3 Rd5 25. Be2 Red8 26. Bf3 R5d7 27. Bxb7 Qxb7 28. Re2 Qd5 29. Ra1 Qc4 30. Re3 Rd5 31. Qf4 b5 32. Qf3 b4 33. Nb3 a5 34. cxb4 axb4 35. a3 Qc2 36. Rae1 Rd1 37. Na5 Qb1 38. Kf1 h5 39. Nc6 Ng4 0-1

[Event "FRM-ch op"]
[Site "Struga"]
[Date "2012.08.10"]
[Round "7"]
[White "Danchevski, Orce"]
[Black "Menkinoski, Riste"]
[Result "1-0"]
[WhiteElo "2388"]
[BlackElo "2352"]
[PlyCount "87"]
[EventDate "2012.08.04"]
[EventType "swiss"]
[EventRounds "9"]
[EventCountry "MKD"]
[SourceTitle "CBM 149 Extra"]
[Source "ChessBase"]
[SourceDate "2012.08.24"]
[SourceVersion "1"]
[SourceVersionDate "2012.08.24"]
[SourceQuality "1"]

1. d4 Nf6 2. c4 e6 3. g3 Bb4+ 4. Bd2 c5 5. Bxb4 cxb4 6. Bg2 0-0 7. e4 d6 8. Ne2 e5 9. a3 Qc7 10. b3 Qa5 11. 0-0 Re8 12. f3 Nc6 13. Kh1 b5 14. d5 Nb8 15. Qd2 bxc4 16. bxc4 Na6 17. Ra2 Qc5 18. Rc1 Nd7 19. Rb2 Rb8 20. axb4 Rxb4 21. Nec3 Nb6 22. Na3 Nxc4 23. Nxc4 Rxc4 24. Bf1 Rd4 25. Qe3 f5 26. Nb5 Qb6 27. Qf2 fxe4 28. Nxd4 Qxd4 29. Qxd4 exd4 30. Rxc8 Rxc8 31. Bxa6 Rc1+ 32. Kg2 d3 33. Rb8+ Kf7 34. fxe4 d2 35. Be2 d1Q 36. Bxd1 Rxd1 37. Rb7+ Kf6 38. Rxa7 Rd2+ 39. Kf3 Rb2 40. h4 h6 41. Rd7 Rb6 42. h5 Ra6 43. Kf4 Rb6 44. Rxd6+ 1-0

[Event "FRM-ch op"]
[Site "Struga"]
[Date "2012.08.08"]
[Round "5"]
[White "Bogdanovski, Vlatko"]
[Black "Menkinoski, Riste"]
[Result "0-1"]
[WhiteElo "2448"]
[BlackElo "2352"]
[PlyCount "124"]
[EventDate "2012.08.04"]
[EventType "swiss"]
[EventRounds "9"]
[EventCountry "MKD"]
[SourceTitle "CBM 149 Extra"]
[Source "ChessBase"]
[SourceDate "2012.08.24"]
[SourceVersion "1"]
[SourceVersionDate "2012.08.24"]
[SourceQuality "1"]

1. d4 Nf6 2. c4 e6 3. Nc3 Bb4 4. Qc2 Nc6 5. Nf3 d6 6. Bd2 0-0 7. a3 Bxc3 8. Bxc3 Re8 9. e3 e5 10. dxe5 dxe5 11. Be2 a5 12. 0-0 a4 13. h3 Qe7 14. Rfd1 e4 15. Nd2 Bf5 16. Nf1 Nd7 17. Bg4 Bxg4 18. hxg4 Qe6 19. g5 Nb6 20. Ng3 Qxc4 21. Nh5 Nd5 22. Rxd5 Qxd5 23. Nxg7 Red8 24. Nh5 Qd3 25. Nf6+ Kf8 26. Nxh7+ Kg8 27. Nf6+ Kf8 28. Rc1 Qxc2 29. Rxc2 b6 30. Nxe4 Ne7 31. Nf6 c5 32. Be5 Rac8 33. Ne4 Rd5 34. Bf6 Rd1+ 35. Kh2 Nd5 36. Be5 Ke7 37. Nc3 Nxc3 38. Bxc3 b5 39. f4 Kd7 40. Be5 Rd3 41. e4 Re3 42. Rd2+ Ke8 43. Bf6 Rxe4 44. f5 b4 45. axb4 cxb4 46. Rd3 Rf4 47. Re3+ Kd7 48. Re7+ Kc6 49. g4 Rxg4 50. Rxf7 Kd5 51. Kh3 Rf4 52. g6 Rxf5 53. g7 Rxf6 54. Rxf6 Rg8 55. Rg6 Kc4 56. Rg3 b3 57. Rc3+ Kd4 58. Rc7 a3 59. bxa3 b2 60. Rb7 Kc3 61. Rc7+ Kb3 62. Rb7+ Ka2 0-1

[Event "FRM-ch op"]
[Site "Struga"]
[Date "2012.08.07"]
[Round "4"]
[White "Pancevski, Filip"]
[Black "Menkinoski, Riste"]
[Result "1/2-1/2"]
[WhiteElo "2461"]
[BlackElo "2352"]
[PlyCount "21"]
[EventDate "2012.08.04"]
[EventType "swiss"]
[EventRounds "9"]
[EventCountry "MKD"]
[SourceTitle "CBM 149 Extra"]
[Source "ChessBase"]
[SourceDate "2012.08.24"]
[SourceVersion "1"]
[SourceVersionDate "2012.08.24"]
[SourceQuality "1"]

1. e4 d6 2. d4 Nf6 3. Nc3 e5 4. Nf3 Nbd7 5. Bc4 Be7 6. 0-0 0-0 7. Re1 c6 8. a4 b6 9. h3 a6 10. d5 c5 11. Be3 1/2-1/2

[Event "FRM-ch op"]
[Site "Struga"]
[Date "2012.08.04"]
[Round "1"]
[White "Menkinoski, Riste"]
[Black "Nikolovska, Dragana"]
[Result "1-0"]
[WhiteElo "2352"]
[BlackElo "1828"]
[PlyCount "149"]
[EventDate "2012.08.04"]
[EventType "swiss"]
[EventRounds "9"]
[EventCountry "MKD"]
[SourceTitle "CBM 149 Extra"]
[Source "ChessBase"]
[SourceDate "2012.08.24"]
[SourceVersion "1"]
[SourceVersionDate "2012.08.24"]
[SourceQuality "1"]

1. e4 c5 2. Nf3 d6 3. c3 Nf6 4. Be2 g6 5. 0-0 Bg7 6. Bb5+ Bd7 7. Bxd7+ Nbxd7 8. Re1 Qc7 9. d4 0-0 10. h3 Rfd8 11. Qe2 e5 12. dxe5 dxe5 13. Bg5 c4 14. Na3 Rac8 15. Nd2 Nb6 16. Rad1 h6 17. Bxf6 Bxf6 18. Nf1 Bg5 19. Nc2 Nd7 20. Nfe3 Bxe3 21. Nxe3 b5 22. Nd5 Qc5 23. Rd2 Nb6 24. Red1 Kg7 25. Nxb6 Qxb6 26. Rd5 Rxd5 27. Rxd5 Rc5 28. Rd7 Rc7 29. Rd8 Qb7 30. Rd5 Re7 31. Qd2 a6 32. Kh1 Qa8 33. f3 Qb7 34. Rd8 Re6 35. Rd7 Qb6 36. a3 Qc5 37. Rd8 Qb6 38. Rd5 Qa7 39. Qe2 Qb6 40. Qe1 Qa7 41. h4 Qe7 42. Qg3 Qc7 43. h5 g5 44. Kh2 Qe7 45. Qf2 Rd6 46. Qc5 Re6 47. Qxe7 Rxe7 48. Kg3 Re6 49. Kg4 Kf6 50. Rd7 Rb6 51. Rd8 Rc6 52. g3 Re6 53. Rb8 Rd6 54. a4 Rd2 55. Rb6+ Kg7 56. axb5 Rxb2 57. Rxa6 Rxb5 58. Rc6 Rb1 59. Rxc4 Rb5 60. Kf5 Ra5 61. Rc8 Rb5 62. g4 Ra5 63. c4 Ra3 64. c5 Rxf3+ 65. Kxe5 Rg3 66. c6 Rc3 67. Kd4 Rc1 68. Kd5 Rd1+ 69. Kc5 Rc1+ 70. Kd6 Rd1+ 71. Kc7 Re1 72. Re8 Re2 73. Kc8 Rc2 74. c7 Ra2 75. Kd7 1-0

[Event "FRM-chT 21st"]
[Site "Struga"]
[Date "2012.07.21"]
[Round "6.1"]
[White "Menkinoski, Riste"]
[Black "Chatalbashev, Boris"]
[Result "0-1"]
[WhiteElo "2352"]
[BlackElo "2550"]
[PlyCount "48"]
[EventDate "2012.07.16"]
[EventType "team-tourn"]
[EventRounds "7"]
[EventCountry "MKD"]
[SourceTitle "CBM 149 Extra"]
[Source "ChessBase"]
[SourceDate "2012.08.24"]
[SourceVersion "1"]
[SourceVersionDate "2012.08.24"]
[SourceQuality "1"]
[WhiteTeam "Prilep"]
[BlackTeam "Skopje Aseko See"]
[WhiteTeamCountry "MKD"]
[BlackTeamCountry "MKD"]

1. Nf3 g6 2. g3 Bg7 3. Bg2 e5 4. 0-0 e4 5. Ne1 Nf6 6. d3 exd3 7. Nxd3 0-0 8. c4 d6 9. Nc3 Nc6 10. Rb1 a5 11. b3 Re8 12. Re1 Ng4 13. Nd5 Nce5 14. Nxe5 Nxe5 15. Bb2 c6 16. Nc3 Be6 17. h3 f5 18. Qc2 h5 19. f4 Nf7 20. e4 h4 21. g4 fxg4 22. f5 gxh3 23. fxe6 Ng5 24. Bh1 Qb6+ 0-1

[Event "Skopje Karposh op"]
[Site "Skopje"]
[Date "2012.04.13"]
[Round "8"]
[White "Menkinoski, Riste"]
[Black "Ilic, Ljubomir"]
[Result "1-0"]
[WhiteElo "2369"]
[BlackElo "2199"]
[PlyCount "65"]
[EventDate "2012.04.07"]
[EventType "swiss"]
[EventRounds "9"]
[EventCountry "MKD"]
[SourceTitle "CBM 147 Extra"]
[Source "ChessBase"]
[SourceDate "2012.04.24"]
[SourceVersion "1"]
[SourceVersionDate "2012.04.24"]
[SourceQuality "1"]

1. d4 c5 2. d5 Nf6 3. Nf3 b5 4. a4 b4 5. c4 g6 6. Nbd2 d6 7. h3 Bg7 8. g3 0-0 9. Bg2 a5 10. 0-0 Ra7 11. Re1 e5 12. dxe6 fxe6 13. Nb3 Qb6 14. Bf4 Rd7 15. Qc2 Nc6 16. Rad1 e5 17. Bg5 Nd4 18. Nfxd4 exd4 19. e3 dxe3 20. Rxe3 Bb7 21. Bxb7 Qxb7 22. Bf4 Qc6 23. Nxa5 Qa6 24. Nb3 Qxa4 25. Rxd6 Nh5 26. Rxd7 Qxd7 27. Nxc5 Qxh3 28. Ne6 Ra8 29. Re1 Re8 30. Qe4 Bxb2 31. Qd5 Nf6 32. Ng5+ Nxd5 33. Rxe8+ 1-0

[Event "Skopje Karposh op"]
[Site "Skopje"]
[Date "2012.04.08"]
[Round "3"]
[White "Koksal, Ege"]
[Black "Menkinoski, Riste"]
[Result "1-0"]
[WhiteElo "2154"]
[BlackElo "2369"]
[PlyCount "79"]
[EventDate "2012.04.07"]
[EventType "swiss"]
[EventRounds "9"]
[EventCountry "MKD"]
[SourceTitle "CBM 147 Extra"]
[Source "ChessBase"]
[SourceDate "2012.04.24"]
[SourceVersion "1"]
[SourceVersionDate "2012.04.24"]
[SourceQuality "1"]

1. d4 Nf6 2. c4 e6 3. Nf3 Bb4+ 4. Nbd2 0-0 5. g3 d5 6. Bg2 Nc6 7. Qc2 dxc4 8. Qxc4 Ne4 9. e3 Qd5 10. Qc2 Nxd2 11. Bxd2 Bxd2+ 12. Qxd2 Qc4 13. Qc3 Qa6 14. Nd2 Bd7 15. Nb3 Be8 16. Nc5 Qb6 17. 0-0 a5 18. Rfc1 Ra7 19. b3 Nb4 20. Nd3 Nxd3 21. Qxd3 Bb5 22. Qc3 c6 23. Qc5 Qxc5 24. Rxc5 a4 25. b4 a3 26. Bf1 Bxf1 27. Kxf1 g6 28. Rb1 Rd8 29. b5 cxb5 30. Rbxb5 Rd7 31. Ke2 Kf8 32. Kd3 Ke7 33. Rc3 Rd8 34. Rbb3 b5 35. Rxa3 Rad7 36. Rc5 b4 37. Ra4 Rb8 38. Kc4 Rdb7 39. Kb3 Kd6 40. Rc4 1-0

[Event "Skopje Karposh op"]
[Site "Skopje"]
[Date "2012.04.08"]
[Round "2"]
[White "Menkinoski, Riste"]
[Black "Kozul, Zdenko"]
[Result "0-1"]
[WhiteElo "2369"]
[BlackElo "2602"]
[PlyCount "78"]
[EventDate "2012.04.07"]
[EventType "swiss"]
[EventRounds "9"]
[EventCountry "MKD"]
[SourceTitle "CBM 147 Extra"]
[Source "ChessBase"]
[SourceDate "2012.04.24"]
[SourceVersion "1"]
[SourceVersionDate "2012.04.24"]
[SourceQuality "1"]

1. e4 c5 2. c3 Nf6 3. e5 Nd5 4. d4 cxd4 5. Nf3 e6 6. cxd4 d6 7. Bc4 Be7 8. 0-0 0-0 9. Qe2 Bd7 10. Rd1 Bc6 11. Bd2 Nd7 12. Nc3 N7b6 13. Nxd5 Nxd5 14. exd6 Qxd6 15. Ne5 Rfd8 16. Bd3 Be8 17. Qe4 g6 18. Qf3 Qb6 19. Be3 Rac8 20. Rd2 Bf6 21. Nc4 Qc7 22. Rc2 Qe7 23. a3 Bg7 24. Nd2 Rxc2 25. Bxc2 Nxe3 26. fxe3 e5 27. d5 f5 28. Bb3 Qc5 29. Qf2 e4 30. Nf1 Bb5 31. Rd1 Bd3 32. Ba2 a5 33. Kh1 a4 34. Qh4 Qd6 35. Qf2 Qb6 36. Rd2 Rc8 37. Qe1 Bxb2 38. d6+ Kg7 39. d7 Rd8 0-1